[Event "DVM U20 2019"]
[Site "Braunschweig GER"]
[Date "2019.12.30"]
[Round "7"]
[White "Engel, Luis"]
[Black "Stelmaszyk, Nico"]
[Result "1-0"]
[Termination "normal"]
[Board "1.1"]
[WhiteTitle "IM"]
[WhiteElo "2531"]
[BlackElo "2194"]
[WhiteClock "00:51:40"]
[BlackClock "00:33:46"]
[WhiteTeam "Hamburger SK"]
[BlackTeam "SK Lehrte"]
[PlyCount "71"]
[WhiteFideId "12961523"]
[BlackFideId "16200462"]
[EventCountry "GER"]
[EventRounds "7"]
[EventType "team-swiss"]
[EventDate "2019.12.26"]

1. e4 {[%clk 1:30:58]} e5 {[%clk 1:30:52]} 2. Nf3 {[%clk 1:31:23]} Nc6 {[%clk
1:31:18]} 3. Bb5 {[%clk 1:31:48]} a6 {[%clk 1:31:44]} 4. Ba4 {[%clk 1:32:13]}
b5 {[%clk 1:32:08]} 5. Bb3 {[%clk 1:32:39]} g6 {[%clk 1:32:34]} 6. a4 {[%clk
1:32:49]} b4 {[%clk 1:32:59]} 7. d4 {[%clk 1:33:13]} exd4 {[%clk 1:33:26]} 8.
Nxd4 {[%clk 1:33:36]} Na5 {[%clk 1:33:51]} 9. Bd5 {[%clk 1:33:58]} c6 {[%clk
1:34:15]} 10. Ba2 {[%clk 1:34:23]} Bg7 {[%clk 1:34:40]} 11. O-O {[%clk
1:34:36]} Ne7 {[%clk 1:34:07]} 12. c3 {[%clk 1:35:00]} Rb8 {[%clk 1:34:32]} 13.
cxb4 {[%clk 1:34:59]} Rxb4 {[%clk 1:34:55]} 14. Nc2 {[%clk 1:35:22]} Rxe4
{[%clk 1:25:30]} 15. Nd2 {[%clk 1:35:45]} Re5 {[%clk 1:24:20]} 16. b4 {[%clk
1:28:45]} Nb7 {[%clk 1:21:37]} 17. Bb2 {[%clk 1:29:05]} O-O {[%clk 1:18:10]}
18. Bxe5 {[%clk 1:28:13]} Bxe5 {[%clk 1:18:35]} 19. Rb1 {[%clk 1:28:09]} d5
{[%clk 1:17:51]} 20. Qe2 {[%clk 1:21:44]} Bg7 {[%clk 1:15:24]} 21. Rfe1 {[%clk
1:17:30]} Nf5 {[%clk 1:08:47]} 22. Qxa6 {[%clk 1:13:32]} Nh4 {[%clk 1:02:14]}
23. Qxc6 {[%clk 1:09:42]} Nxg2 {[%clk 1:00:21]} 24. Kxg2 {[%clk 1:09:10]} Qg5+
{[%clk 1:00:41]} 25. Kh1 {[%clk 1:09:28]} Qxd2 {[%clk 1:00:55]} 26. Bxd5 {[%clk
1:06:58]} Bf5 {[%clk 0:52:52]} 27. Be4 {[%clk 0:58:41]} Nd6 {[%clk 0:43:19]}
28. Bxf5 {[%clk 0:58:30]} Nxf5 {[%clk 0:43:43]} 29. b5 {[%clk 0:56:38]} Nh6
{[%clk 0:39:13]} 30. Ne3 {[%clk 0:54:01]} Qxf2 {[%clk 0:38:51]} 31. Qg2 {[%clk
0:53:39]} Qf4 {[%clk 0:38:50]} 32. a5 {[%clk 0:53:35]} Bd4 {[%clk 0:38:13]} 33.
Nd5 {[%clk 0:53:37]} Qd6 {[%clk 0:36:29]} 34. b6 {[%clk 0:52:31]} f5 {[%clk
0:34:54]} 35. Rbd1 {[%clk 0:51:26]} Qc5 {[%clk 0:33:46]} 36. Ne7+ {[%clk
0:51:40]} 1-0

[Event "DVM U20 2019"]
[Site "Braunschweig GER"]
[Date "2019.12.30"]
[Round "7"]
[White "Meiwes, Thore"]
[Black "Holinka, Henning"]
[Result "0-1"]
[Termination "normal"]
[Board "1.2"]
[WhiteElo "2106"]
[BlackElo "2233"]
[WhiteClock "00:13:50"]
[BlackClock "00:03:10"]
[WhiteTeam "SK Lehrte"]
[BlackTeam "Hamburger SK"]
[PlyCount "64"]
[WhiteFideId "16201256"]
[BlackFideId "12967084"]
[EventCountry "GER"]
[EventRounds "7"]
[EventType "team-swiss"]
[EventDate "2019.12.26"]

1. d4 {[%clk 1:30:58]} d5 {[%clk 1:30:42]} 2. Nf3 {[%clk 1:28:17]} Nf6 {[%clk
1:30:21]} 3. c4 {[%clk 1:28:35]} c6 {[%clk 1:22:35]} 4. Nc3 {[%clk 1:27:52]} a6
{[%clk 1:19:19]} 5. c5 {[%clk 1:26:25]} g6 {[%clk 1:18:08]} 6. Bf4 {[%clk
1:26:46]} Bg7 {[%clk 1:14:39]} 7. h3 {[%clk 1:27:06]} Nbd7 {[%clk 1:04:17]} 8.
e3 {[%clk 1:27:27]} O-O {[%clk 1:01:37]} 9. Be2 {[%clk 1:27:38]} h6 {[%clk
0:50:02]} 10. Bh2 {[%clk 1:25:06]} Ne4 {[%clk 0:39:27]} 11. O-O {[%clk
1:23:50]} f5 {[%clk 0:37:02]} 12. Na4 {[%clk 1:09:52]} g5 {[%clk 0:28:32]} 13.
Ne5 {[%clk 1:04:36]} Bxe5 {[%clk 0:18:20]} 14. Bxe5 {[%clk 1:04:48]} Nxe5
{[%clk 0:17:31]} 15. dxe5 {[%clk 1:05:15]} f4 {[%clk 0:16:56]} 16. Qd4 {[%clk
1:00:30]} Bf5 {[%clk 0:13:44]} 17. Nb6 {[%clk 0:59:33]} Rb8 {[%clk 0:13:26]}
18. b4 {[%clk 0:54:57]} Qc7 {[%clk 0:11:17]} 19. Kh2 {[%clk 0:42:04]} e6 {[%clk
0:11:21]} 20. a4 {[%clk 0:37:15]} Qg7 21. g3 {[%clk 0:32:00]} Bxh3 {[%clk
0:03:22]} 22. Kxh3 {[%clk 0:31:14]} f3 {[%clk 0:03:30]} 23. Bxf3 {[%clk
0:22:36]} Rxf3 {[%clk 0:03:55]} 24. Kg2 {[%clk 0:21:52]} Rbf8 {[%clk 0:04:05]}
25. Ra2 {[%clk 0:21:10]} Qf7 {[%clk 0:03:25]} 26. Qa1 {[%clk 0:19:49]} Nxg3
{[%clk 0:03:29]} 27. Qe1 {[%clk 0:15:52]} Qf5 {[%clk 0:02:06]} 28. Qb1 {[%clk
0:13:50]} Ne4 {[%clk 0:02:20]} 29. Rh1 {[%clk 0:13:20]} Rxf2+ {[%clk 0:02:31]}
30. Rxf2 {[%clk 0:13:06]} Qg4+ {[%clk 0:02:45]} 31. Kf1 {[%clk 0:13:27]} Rxf2+
{[%clk 0:03:10]} 32. Ke1 {[%clk 0:13:50]} Qe2# 0-1

[Event "DVM U20 2019"]
[Site "Braunschweig GER"]
[Date "2019.12.30"]
[Round "7"]
[White "Engel, Robert"]
[Black "Reimer, Philip"]
[Result "1-0"]
[Termination "normal"]
[Board "1.3"]
[WhiteElo "2075"]
[BlackElo "2065"]
[WhiteClock "00:04:57"]
[BlackClock "00:02:04"]
[WhiteTeam "Hamburger SK"]
[BlackTeam "SK Lehrte"]
[PlyCount "93"]
[WhiteFideId "12974684"]
[BlackFideId "16235860"]
[EventCountry "GER"]
[EventRounds "7"]
[EventType "team-swiss"]
[EventDate "2019.12.26"]

1. e4 {[%clk 1:30:59]} c5 {[%clk 1:30:55]} 2. Nf3 {[%clk 1:31:25]} Nc6 {[%clk
1:31:22]} 3. Bb5 {[%clk 1:31:48]} g6 {[%clk 1:31:50]} 4. Bxc6 {[%clk 1:32:13]}
dxc6 {[%clk 1:32:16]} 5. d3 {[%clk 1:32:36]} Bg7 {[%clk 1:32:42]} 6. h3 {[%clk
1:33:01]} Nf6 {[%clk 1:32:58]} 7. Nc3 {[%clk 1:33:26]} O-O {[%clk 1:33:19]} 8.
Be3 {[%clk 1:33:31]} b6 {[%clk 1:33:44]} 9. O-O e5 10. Qd2 {[%clk 1:25:43]} Qd6
{[%clk 1:34:11]} 11. Bh6 {[%clk 1:16:29]} Nh5 {[%clk 1:34:07]} 12. Ne2 {[%clk
1:11:45]} f6 {[%clk 1:34:31]} 13. Rfd1 {[%clk 1:06:57]} Be6 {[%clk 1:22:30]}
14. c3 {[%clk 1:00:56]} Rad8 {[%clk 1:21:17]} 15. Bxg7 {[%clk 0:52:23]} Nxg7
{[%clk 1:19:35]} 16. Qe3 {[%clk 0:50:13]} Rfe8 {[%clk 1:01:04]} 17. b3 {[%clk
0:47:22]} Bf7 {[%clk 0:54:49]} 18. d4 {[%clk 0:45:04]} exd4 {[%clk 0:53:12]}
19. cxd4 {[%clk 0:45:25]} Nf5 {[%clk 0:49:50]} 20. Qd3 {[%clk 0:31:08]} Nxd4
{[%clk 0:48:20]} 21. Nexd4 {[%clk 0:30:18]} cxd4 {[%clk 0:48:37]} 22. Qxd4
{[%clk 0:30:12]} Qxd4 {[%clk 0:43:16]} 23. Nxd4 {[%clk 0:27:37]} Rd6 {[%clk
0:39:25]} 24. Nc2 {[%clk 0:16:58]} Rxd1+ {[%clk 0:37:39]} 25. Rxd1 {[%clk
0:17:23]} Rxe4 {[%clk 0:35:21]} 26. Rd8+ Kg7 {[%clk 0:32:39]} 27. Rd7 {[%clk
0:16:25]} a5 {[%clk 0:24:09]} 28. Nd4 {[%clk 0:16:08]} c5 {[%clk 0:20:57]} 29.
Nb5 {[%clk 0:15:42]} Kf8 {[%clk 0:15:17]} 30. Rxf7+ {[%clk 0:16:03]} Kxf7
{[%clk 0:15:11]} 31. Nd6+ {[%clk 0:16:28]} Ke6 {[%clk 0:15:25]} 32. Nxe4 {[%clk
0:16:55]} Ke5 {[%clk 0:15:38]} 33. Nd2 {[%clk 0:12:14]} b5 {[%clk 0:14:57]} 34.
a4 {[%clk 0:09:42]} c4 {[%clk 0:05:04]} 35. axb5 {[%clk 0:08:09]} c3 {[%clk
0:05:18]} 36. Nf3+ {[%clk 0:08:24]} Kd5 {[%clk 0:05:34]} 37. Ne1 {[%clk
0:08:51]} Kc5 {[%clk 0:05:48]} 38. Nc2 {[%clk 0:09:01]} Kxb5 {[%clk 0:06:01]}
39. Kf1 {[%clk 0:09:26]} a4 {[%clk 0:06:05]} 40. bxa4+ {[%clk 0:09:44]} Kxa4
{[%clk 0:06:26]} 41. Ke2 {[%clk 0:10:11]} Kb3 {[%clk 0:06:41]} 42. Kd3 {[%clk
0:10:37]} Kb2 {[%clk 0:06:49]} 43. Nd4 {[%clk 0:04:28]} h6 {[%clk 0:01:31]} 44.
g4 {[%clk 0:03:47]} h5 {[%clk 0:01:16]} 45. gxh5 {[%clk 0:04:06]} gxh5 {[%clk
0:01:41]} 46. h4 {[%clk 0:04:34]} f5 {[%clk 0:02:04]} 47. f4 {[%clk 0:04:57]}
1-0

[Event "DVM U20 2019"]
[Site "Braunschweig GER"]
[Date "2019.12.30"]
[Round "7"]
[White "Dornieden, Jonas"]
[Black "Meyling, Lennart"]
[Result "1-0"]
[Termination "normal"]
[Board "1.4"]
[WhiteElo "1912"]
[BlackElo "1955"]
[WhiteClock "00:02:28"]
[BlackClock "00:44:11"]
[WhiteTeam "SK Lehrte"]
[BlackTeam "Hamburger SK"]
[PlyCount "151"]
[WhiteFideId "1336460"]
[BlackFideId "12947130"]
[EventCountry "GER"]
[EventRounds "7"]
[EventType "team-swiss"]
[EventDate "2019.12.26"]

1. d4 {[%clk 1:30:55]} d5 {[%clk 1:30:56]} 2. c4 {[%clk 1:31:20]} e6 {[%clk
1:31:16]} 3. Nc3 {[%clk 1:31:46]} Nf6 {[%clk 1:31:37]} 4. cxd5 {[%clk 1:32:10]}
exd5 {[%clk 1:31:58]} 5. Bg5 {[%clk 1:32:33]} Be7 {[%clk 1:32:21]} 6. e3 {[%clk
1:32:55]} c6 {[%clk 1:32:42]} 7. Bd3 {[%clk 1:33:06]} Nbd7 {[%clk 1:32:59]} 8.
Nf3 {[%clk 1:32:15]} O-O {[%clk 1:33:17]} 9. O-O {[%clk 1:32:21]} Re8 {[%clk
1:32:27]} 10. Qc2 {[%clk 1:31:13]} Nf8 {[%clk 1:32:48]} 11. h3 {[%clk 1:29:44]}
Ne4 {[%clk 1:30:58]} 12. Bxe7 {[%clk 1:24:29]} Qxe7 {[%clk 1:30:54]} 13. Rab1
{[%clk 1:17:07]} a5 {[%clk 1:26:34]} 14. Na4 {[%clk 1:07:32]} Qc7 {[%clk
1:22:22]} 15. a3 {[%clk 1:03:01]} f5 {[%clk 1:16:15]} 16. Ne5 {[%clk 0:57:32]}
Nd7 {[%clk 1:11:47]} 17. f4 {[%clk 0:54:57]} Rb8 {[%clk 1:05:05]} 18. Bxe4
{[%clk 0:52:34]} fxe4 {[%clk 1:04:19]} 19. Nc3 {[%clk 0:43:53]} Qd8 {[%clk
1:01:41]} 20. Qf2 {[%clk 0:32:56]} Rf8 {[%clk 0:58:07]} 21. Qg3 {[%clk
0:31:28]} Rf6 {[%clk 0:56:20]} 22. Ng4 {[%clk 0:25:10]} Rd6 {[%clk 0:53:32]}
23. f5 {[%clk 0:23:33]} Nf6 {[%clk 0:53:12]} 24. Qe5 {[%clk 0:18:35]} Qf8
{[%clk 0:51:39]} 25. Nxf6+ {[%clk 0:13:24]} gxf6 {[%clk 0:51:20]} 26. Qg3+
{[%clk 0:13:00]} Kh8 {[%clk 0:50:06]} 27. Rf4 {[%clk 0:11:22]} b6 {[%clk
0:48:57]} 28. Rbf1 {[%clk 0:09:14]} Rb7 {[%clk 0:48:16]} 29. Rg4 Rdd7 {[%clk
0:45:40]} 30. Qh4 {[%clk 0:05:50]} Rg7 {[%clk 0:42:10]} 31. Rg6 {[%clk
0:05:16]} Rbf7 {[%clk 0:41:28]} 32. Na4 {[%clk 0:01:46]} Qd8 {[%clk 0:41:37]}
33. g4 {[%clk 0:01:12]} Kg8 {[%clk 0:40:10]} 34. Rxg7+ {[%clk 0:01:33]} Rxg7
{[%clk 0:40:32]} 35. Qg3 {[%clk 0:00:54]} Ba6 {[%clk 0:38:39]} 36. Rc1 {[%clk
0:01:12]} Bb5 {[%clk 0:38:46]} 37. Nc3 {[%clk 0:01:26]} Bc4 {[%clk 0:38:51]}
38. Nxe4 {[%clk 0:01:36]} Bd3 {[%clk 0:35:48]} 39. Nf2 {[%clk 0:01:11]} Bxf5
{[%clk 0:36:07]} 40. Rxc6 {[%clk 0:01:32]} h5 {[%clk 0:34:11]} 41. Qd6 {[%clk
0:20:10]} Qxd6 {[%clk 1:04:04]} 42. Rxd6 {[%clk 0:20:28]} hxg4 {[%clk 1:01:34]}
43. hxg4 {[%clk 0:20:27]} Bb1 {[%clk 0:57:42]} 44. Rxf6 {[%clk 0:11:21]} Re7
{[%clk 0:55:30]} 45. Rxb6 {[%clk 0:10:14]} Rxe3 {[%clk 0:55:51]} 46. Rb5 {[%clk
0:09:50]} Ba2 {[%clk 0:56:06]} 47. Rxa5 {[%clk 0:09:20]} Rb3 {[%clk 0:55:16]}
48. Rxd5 {[%clk 0:05:32]} Rxb2 {[%clk 0:55:37]} 49. Rd8+ {[%clk 0:05:20]} Kf7
{[%clk 0:55:58]} 50. Nd3 {[%clk 0:04:50]} Rb1+ {[%clk 0:55:21]} 51. Kf2 {[%clk
0:05:03]} Ke7 {[%clk 0:55:35]} 52. Ra8 {[%clk 0:04:55]} Kf6 {[%clk 0:52:02]}
53. Ne5 {[%clk 0:04:26]} Rb3 {[%clk 0:51:22]} 54. a4 {[%clk 0:04:20]} Kg5
{[%clk 0:51:17]} 55. a5 {[%clk 0:04:03]} Kf4 {[%clk 0:51:37]} 56. a6 {[%clk
0:01:24]} Rb2+ {[%clk 0:51:39]} 57. Ke1 {[%clk 0:01:00]} Ke3 {[%clk 0:50:50]}
58. Kd1 {[%clk 0:01:02]} Kxd4 {[%clk 0:49:38]} 59. a7 {[%clk 0:00:49]} Bd5
{[%clk 0:45:28]} 60. Rd8 {[%clk 0:01:13]} Ra2 {[%clk 0:43:43]} 61. Nc6+ {[%clk
0:01:31]} Ke4 {[%clk 0:42:28]} 62. a8=Q {[%clk 0:01:24]} Rxa8 {[%clk 0:42:48]}
63. Rxa8 {[%clk 0:01:48]} Bxc6 {[%clk 0:43:12]} 64. Rf8 {[%clk 0:01:27]} Ke5
{[%clk 0:42:56]} 65. Kd2 {[%clk 0:01:14]} Ke6 {[%clk 0:42:57]} 66. Ke3 {[%clk
0:01:08]} Ke7 {[%clk 0:43:17]} 67. Rf2 {[%clk 0:01:09]} Bd5 {[%clk 0:43:35]}
68. Kd4 {[%clk 0:01:05]} Bf7 {[%clk 0:43:43]} 69. g5 {[%clk 0:01:13]} Bg6
{[%clk 0:43:41]} 70. Ke5 {[%clk 0:01:34]} Bb1 {[%clk 0:43:45]} 71. Rf6 {[%clk
0:01:54]} Bh7 {[%clk 0:43:16]} 72. g6 {[%clk 0:01:56]} Bg8 {[%clk 0:43:31]} 73.
Ra6 {[%clk 0:01:25]} Kf8 {[%clk 0:43:27]} 74. Kf6 {[%clk 0:01:51]} Bd5 {[%clk
0:43:50]} 75. Rd6 {[%clk 0:02:04]} Bf7 {[%clk 0:44:11]} 76. Rd8+ {[%clk
0:02:28]} 1-0

[Event "DVM U20 2019"]
[Site "Braunschweig GER"]
[Date "2019.12.30"]
[Round "7"]
[White "Foo, Tzun Hong"]
[Black "Brockmeyer, Tobias"]
[Result "1/2-1/2"]
[Termination "normal"]
[Board "1.5"]
[WhiteElo "1829"]
[BlackElo "1902"]
[WhiteClock "00:16:37"]
[BlackClock "00:22:22"]
[WhiteTeam "Hamburger SK"]
[BlackTeam "SK Lehrte"]
[PlyCount "86"]
[WhiteFideId "12974200"]
[BlackFideId "12982385"]
[EventCountry "GER"]
[EventRounds "7"]
[EventType "team-swiss"]
[EventDate "2019.12.26"]

1. e4 {[%clk 1:30:54]} e6 {[%clk 1:30:58]} 2. d4 {[%clk 1:31:16]} d5 {[%clk
1:31:26]} 3. exd5 {[%clk 1:31:39]} exd5 {[%clk 1:31:52]} 4. c4 {[%clk 1:32:01]}
Bb4+ {[%clk 1:32:14]} 5. Nc3 {[%clk 1:32:23]} Nf6 {[%clk 1:32:29]} 6. Bd3
{[%clk 1:31:22]} Qe7+ {[%clk 1:32:12]} 7. Nge2 {[%clk 1:29:27]} O-O {[%clk
1:30:12]} 8. O-O {[%clk 1:27:38]} dxc4 {[%clk 1:27:29]} 9. Bxc4 {[%clk
1:27:58]} Nbd7 {[%clk 1:23:22]} 10. Ng3 {[%clk 1:16:05]} Nb6 {[%clk 1:20:05]}
11. Bd3 {[%clk 1:03:06]} c6 {[%clk 1:08:06]} 12. Bg5 {[%clk 0:49:53]} Qd6
{[%clk 0:55:07]} 13. Nce4 {[%clk 0:39:52]} Nxe4 {[%clk 0:52:26]} 14. Nxe4
{[%clk 0:38:25]} Qd5 {[%clk 0:44:41]} 15. Qh5 {[%clk 0:32:47]} f5 {[%clk
0:43:06]} 16. Ng3 {[%clk 0:25:02]} Bd7 {[%clk 0:36:53]} 17. Qh4 {[%clk
0:14:33]} Rae8 {[%clk 0:33:59]} 18. a3 {[%clk 0:12:40]} Bd6 19. Rae1 {[%clk
0:09:38]} Kh8 {[%clk 0:23:59]} 20. Be7 {[%clk 0:08:22]} Bxe7 {[%clk 0:21:37]}
21. Rxe7 {[%clk 0:08:43]} Rxe7 {[%clk 0:20:52]} 22. Qxe7 {[%clk 0:09:05]} Qf7
{[%clk 0:16:24]} 23. Re1 {[%clk 0:07:15]} Qxe7 {[%clk 0:14:39]} 24. Rxe7 {[%clk
0:07:38]} g6 {[%clk 0:14:50]} 25. Ne2 {[%clk 0:03:19]} Re8 {[%clk 0:14:29]} 26.
Rxe8+ {[%clk 0:03:43]} Bxe8 {[%clk 0:14:56]} 27. Nc3 {[%clk 0:02:14]} Kg7
{[%clk 0:12:19]} 28. Kf1 {[%clk 0:01:48]} Kf6 {[%clk 0:11:20]} 29. Ke2 {[%clk
0:01:47]} Bf7 {[%clk 0:10:18]} 30. Kd2 {[%clk 0:01:03]} Ke7 {[%clk 0:04:12]}
31. g3 {[%clk 0:01:08]} Bc4 {[%clk 0:03:07]} 32. Bc2 {[%clk 0:01:03]} Kd6
{[%clk 0:03:34]} 33. b3 {[%clk 0:01:01]} Bd5 {[%clk 0:02:19]} 34. Nxd5 {[%clk
0:00:45]} Nxd5 {[%clk 0:02:43]} 35. b4 {[%clk 0:00:34]} Nf6 {[%clk 0:02:45]}
36. f3 {[%clk 0:00:36]} Nh5 {[%clk 0:02:16]} 37. Ke3 {[%clk 0:00:40]} Ng7
{[%clk 0:02:03]} 38. h4 {[%clk 0:00:38]} Ne6 {[%clk 0:01:28]} 39. Bb3 {[%clk
0:00:47]} h6 {[%clk 0:00:52]} 40. Bc4 {[%clk 0:00:46]} Ke7 {[%clk 0:00:39]} 41.
Bd3 {[%clk 0:27:52]} Nc7 {[%clk 0:24:43]} 42. h5 {[%clk 0:18:49]} Nd5+ {[%clk
0:22:34]} 43. Kf2 {[%clk 0:16:37]} Kf6 {[%clk 0:22:22]} 1/2-1/2

[Event "DVM U20 2019"]
[Site "Braunschweig GER"]
[Date "2019.12.30"]
[Round "7"]
[White "Lutz, Ruben"]
[Black "Roseneck, Jonas"]
[Result "0-1"]
[Termination "normal"]
[Board "2.1"]
[BlackTitle "FM"]
[WhiteElo "2132"]
[BlackElo "2417"]
[WhiteClock "00:00:44"]
[BlackClock "00:17:14"]
[WhiteTeam "USV TU Dresden"]
[BlackTeam "SG Aufbau Elbe Magdeburg"]
[PlyCount "64"]
[WhiteFideId "12975974"]
[BlackFideId "12939870"]
[EventCountry "GER"]
[EventRounds "7"]
[EventType "team-swiss"]
[EventDate "2019.12.26"]

1. d4 {[%clk 1:30:58]} Nf6 {[%clk 1:30:55]} 2. Bf4 {[%clk 1:31:20]} d5 {[%clk
1:31:18]} 3. e3 {[%clk 1:31:40]} c5 {[%clk 1:31:32]} 4. c3 {[%clk 1:32:04]} e6
{[%clk 1:31:55]} 5. Nd2 {[%clk 1:32:18]} Bd6 {[%clk 1:32:16]} 6. Bxd6 {[%clk
1:24:28]} Qxd6 {[%clk 1:32:44]} 7. f4 {[%clk 1:24:49]} O-O {[%clk 1:29:37]} 8.
Bd3 {[%clk 1:24:15]} b6 {[%clk 1:28:08]} 9. Ngf3 {[%clk 1:21:33]} Ba6 {[%clk
1:28:11]} 10. Qe2 {[%clk 1:21:09]} Bxd3 {[%clk 1:25:54]} 11. Qxd3 {[%clk
1:21:35]} Nc6 {[%clk 1:25:07]} 12. Ne5 {[%clk 1:12:46]} Ne7 {[%clk 1:08:49]}
13. O-O {[%clk 1:10:58]} c4 {[%clk 1:05:05]} 14. Qe2 {[%clk 0:59:59]} b5 {[%clk
1:05:24]} 15. b4 {[%clk 0:58:22]} a5 {[%clk 0:58:59]} 16. a3 {[%clk 0:58:02]}
Ra6 {[%clk 0:59:17]} 17. bxa5 {[%clk 0:40:28]} Rxa5 {[%clk 0:51:13]} 18. Nb1
{[%clk 0:40:53]} Rfa8 {[%clk 0:48:10]} 19. Ra2 {[%clk 0:32:57]} Ne4 {[%clk
0:43:51]} 20. Rc1 {[%clk 0:31:13]} f6 {[%clk 0:38:33]} 21. Nf3 {[%clk 0:30:05]}
Nc6 {[%clk 0:38:47]} 22. Rb2 {[%clk 0:23:17]} Rxa3 {[%clk 0:35:51]} 23. Nxa3
{[%clk 0:22:07]} Qxa3 {[%clk 0:36:01]} 24. Qc2 {[%clk 0:07:36]} b4 {[%clk
0:34:45]} 25. Re1 {[%clk 0:06:31]} b3 {[%clk 0:22:04]} 26. Qc1 {[%clk 0:06:12]}
Qa5 {[%clk 0:22:31]} 27. Nd2 {[%clk 0:04:57]} Nxc3 {[%clk 0:21:56]} 28. Nxb3
{[%clk 0:03:01]} cxb3 {[%clk 0:21:44]} 29. Rxb3 {[%clk 0:03:27]} Ne4 {[%clk
0:21:49]} 30. Re2 {[%clk 0:03:22]} Ne7 {[%clk 0:19:45]} 31. Rc2 {[%clk
0:03:04]} Kf7 {[%clk 0:16:56]} 32. Rc7 {[%clk 0:00:44]} Qxc7 {[%clk 0:17:14]}
0-1

[Event "DVM U20 2019"]
[Site "Braunschweig GER"]
[Date "2019.12.30"]
[Round "7"]
[White "Sieber, Fiona"]
[Black "Richter, Philipp"]
[Result "1/2-1/2"]
[Termination "normal"]
[Board "2.2"]
[WhiteTitle "WIM"]
[WhiteElo "2277"]
[BlackElo "2084"]
[WhiteClock "00:22:08"]
[BlackClock "00:26:10"]
[WhiteTeam "SG Aufbau Elbe Magdeburg"]
[BlackTeam "USV TU Dresden"]
[PlyCount "83"]
[WhiteFideId "12902373"]
[BlackFideId "16219929"]
[EventCountry "GER"]
[EventRounds "7"]
[EventType "team-swiss"]
[EventDate "2019.12.26"]

1. e4 {[%clk 1:30:58]} e6 {[%clk 1:30:55]} 2. d4 {[%clk 1:31:26]} d5 {[%clk
1:31:16]} 3. Nd2 {[%clk 1:31:52]} Nf6 {[%clk 1:31:37]} 4. e5 {[%clk 1:32:19]}
Nfd7 {[%clk 1:31:58]} 5. Bd3 {[%clk 1:32:41]} c5 {[%clk 1:32:21]} 6. c3 {[%clk
1:33:08]} Nc6 {[%clk 1:32:45]} 7. Ne2 {[%clk 1:33:29]} cxd4 {[%clk 1:33:08]} 8.
cxd4 {[%clk 1:33:55]} f6 {[%clk 1:33:30]} 9. exf6 {[%clk 1:34:22]} Nxf6 {[%clk
1:33:51]} 10. Nf3 {[%clk 1:33:59]} Bd6 {[%clk 1:34:12]} 11. O-O {[%clk
1:34:21]} Qc7 {[%clk 1:34:37]} 12. Nc3 {[%clk 1:33:11]} a6 {[%clk 1:34:58]} 13.
h3 {[%clk 1:30:43]} O-O {[%clk 1:35:18]} 14. Bd2 {[%clk 1:29:57]} Bd7 {[%clk
1:34:48]} 15. Re1 {[%clk 1:30:22]} Rae8 {[%clk 1:35:01]} 16. a3 {[%clk
1:28:18]} e5 {[%clk 1:28:01]} 17. Nxd5 {[%clk 0:45:58]} Nxd5 {[%clk 1:24:47]}
18. Bc4 {[%clk 0:46:25]} Be6 {[%clk 1:10:34]} 19. Ng5 {[%clk 0:30:55]} Nxd4
{[%clk 0:48:38]} 20. Rc1 {[%clk 0:30:43]} Qe7 {[%clk 0:46:25]} 21. Nxe6 {[%clk
0:30:10]} Qxe6 {[%clk 0:46:42]} 22. Be3 {[%clk 0:30:10]} Rc8 {[%clk 0:40:18]}
23. Bxd4 {[%clk 0:27:45]} Rxc4 {[%clk 0:40:41]} 24. Rxc4 {[%clk 0:26:58]} Nf4
{[%clk 0:40:58]} 25. Bc5 {[%clk 0:17:26]} Qxc4 {[%clk 0:40:39]} 26. Qxd6 {[%clk
0:17:33]} Re8 {[%clk 0:38:24]} 27. Qd7 {[%clk 0:15:24]} Qf7 {[%clk 0:37:35]}
28. Qxf7+ Kxf7 29. Rd1 {[%clk 0:14:56]} Kf6 {[%clk 0:35:24]} 30. Rd7 {[%clk
0:14:33]} b5 {[%clk 0:35:03]} 31. Ra7 {[%clk 0:13:30]} Re6 {[%clk 0:35:08]} 32.
Bf8 {[%clk 0:13:25]} h5 {[%clk 0:29:47]} 33. Bxg7+ {[%clk 0:13:47]} Kf5 {[%clk
0:30:06]} 34. f3 {[%clk 0:08:46]} h4 {[%clk 0:29:49]} 35. Rf7+ {[%clk 0:06:34]}
Kg6 {[%clk 0:29:32]} 36. Rd7 {[%clk 0:06:26]} Kf5 {[%clk 0:29:43]} 37. Bf8
{[%clk 0:04:38]} Rg6 {[%clk 0:29:59]} 38. Rf7+ {[%clk 0:03:38]} Ke6 {[%clk
0:30:08]} 39. Rg7 {[%clk 0:04:21]} Nxh3+ {[%clk 0:30:03]} 40. Kf1 {[%clk
0:04:33]} Rxg7 {[%clk 0:28:07]} 41. Bxg7 {[%clk 0:03:55]} Nf4 {[%clk 0:26:10]}
42. Bh6 {[%clk 0:22:08]} 1/2-1/2

[Event "DVM U20 2019"]
[Site "Braunschweig GER"]
[Date "2019.12.30"]
[Round "7"]
[White "Schamschurko, André"]
[Black "Biastoch, Bennet"]
[Result "1/2-1/2"]
[Termination "normal"]
[Board "2.3"]
[WhiteElo "1868"]
[BlackElo "2242"]
[WhiteClock "01:25:43"]
[BlackClock "00:44:55"]
[WhiteTeam "USV TU Dresden"]
[BlackTeam "SG Aufbau Elbe Magdeburg"]
[PlyCount "40"]
[WhiteFideId "24695670"]
[BlackFideId "12939889"]
[EventCountry "GER"]
[EventRounds "7"]
[EventType "team-swiss"]
[EventDate "2019.12.26"]

1. e4 {[%clk 1:30:58]} c5 {[%clk 1:30:54]} 2. Nc3 {[%clk 1:31:25]} Nc6 {[%clk
1:31:13]} 3. Bb5 {[%clk 1:31:50]} Nd4 {[%clk 1:31:17]} 4. Bc4 {[%clk 1:32:15]}
a6 {[%clk 1:31:39]} 5. d3 {[%clk 1:32:10]} e6 {[%clk 1:27:08]} 6. Nge2 {[%clk
1:32:05]} b5 {[%clk 1:24:41]} 7. Bb3 {[%clk 1:31:50]} Nxb3 {[%clk 1:21:31]} 8.
axb3 {[%clk 1:32:08]} Bb7 {[%clk 1:21:52]} 9. O-O {[%clk 1:29:22]} Nf6 {[%clk
1:20:41]} 10. f4 {[%clk 1:29:42]} d5 {[%clk 1:15:13]} 11. e5 {[%clk 1:25:48]}
d4 {[%clk 1:13:57]} 12. exf6 {[%clk 1:22:37]} dxc3 {[%clk 1:14:20]} 13. f5
{[%clk 1:22:53]} Qxf6 {[%clk 0:54:03]} 14. fxe6 {[%clk 1:23:13]} cxb2 {[%clk
0:54:01]} 15. exf7+ {[%clk 1:23:38]} Kd7 {[%clk 0:44:57]} 16. Bxb2 {[%clk
1:24:02]} Qxb2 {[%clk 0:45:21]} 17. c3 {[%clk 1:24:30]} Bd6 {[%clk 0:43:36]}
18. Rb1 {[%clk 1:24:54]} Qa3 {[%clk 0:44:01]} 19. Ra1 {[%clk 1:25:17]} Qb2
{[%clk 0:44:28]} 20. Rb1 {[%clk 1:25:43]} Qa3 {[%clk 0:44:55]} 1/2-1/2